Central Library and Information Centre
Sibsagar Girls' College, Sivasagar : Assam

ELEMENTS OF EDUCATION (VOL-II) (Record no. 4747)

MARC details
000 -LEADER
fixed length control field 00400cam a2200169ua 4500
008 - FIXED-LENGTH DATA ELEMENTS--GENERAL INFORMATION
fixed length control field 060101n II |||gr||||Z||||||eng
040 ## - CATALOGING SOURCE
Original cataloging agency MAIN
041 ## - LANGUAGE CODE
-- English
082 ## - DEWEY DECIMAL CLASSIFICATION NUMBER
Classification number 370 DAS
100 ## - MAIN ENTRY--PERSONAL NAME
Personal name DAS, DR.LAKSHYAHIRA.
245 ## - TITLE STATEMENT
Title ELEMENTS OF EDUCATION (VOL-II)
260 ## - PUBLICATION, DISTRIBUTION, ETC.
Place of publication, distribution, etc. GUWAHATI:
Name of publisher, distributor, etc. AMRITA PRAKASHAN.,
Date of publication, distribution, etc. 1998.
300 ## - PHYSICAL DESCRIPTION
Extent 153:
Dimensions 21CM.
942 ## - ADDED ENTRY ELEMENTS (KOHA)
Koha item type Books
653 ## - INDEX TERM--UNCONTROLLED
Uncontrolled term Education
Holdings
Withdrawn status Lost status Damaged status Not for loan Collection code Home library Current library Shelving location Date acquired Full call number Barcode Date last seen Copy number Price effective from Koha item type
        TBEDU Central Library and Information Centre Sibsagar Girls College Central Library and Information Centre Sibsagar Girls College Education Reck 01.08.2006 370 DAS 21296 27.02.2020 1 27.02.2020 Books


Sibsagar Girl's College © 2020. All rights reserved.
Powered by Koha.
Maintained by Abhijit Borpuzari.